Magritte /

Guardado en:
Detalles Bibliográficos
Autor principal: Magritte, René (autor)
Otros autores: Gimferrer, Pere (texto) (texto)
Formato: Libro
Idioma:Español
Publicado: Barcelona, España : Polígrafa, 1986, c1986
Temas:
Etiquetas: Agrega una etiqueta
Sin etiquetas, Sé el primero en etiquetar este registro!

MARC

LEADER 00000nam^a2200000^a^4500
001 000021298
005 20250521000000.0
009 20260310084409.976
020 |a 84-343-0475-9 
037 |a Acervo ITESO - Biblioteca 
041 |a ESP 
082 |a 759. 949304  |b MAG GIM 
100 |a Magritte, René  |e (autor) 
245 1 0 |a Magritte /  |c R. Magritte ; texto de P. Gimferrer. 
264 4 |a Barcelona, España :  |b Polígrafa,  |c 1986, c1986 
300 |a 128 p. 
336 |a texto  |b txt  |2 rdacontenido 
337 |a sin mediación  |b n  |2 rdamedio 
338 |a volumen  |b nc  |2 rdasoporte 
649 |a XX 
650 |a Pintores Belgas 
650 |a Pintores Belgas -  |x Biografías 
650 |a Artista Belgas 
650 |a Surrealismo 
650 |a Pintura Moderna 
650 |a Pintura Belga 
650 |a Arte Moderno 
650 |a Arte Belga 
650 |a Magritte, René 
700 |a Gimferrer, Pere  |e (texto) 
910 |a Fondo General 
920 |a Impresos - Libros 
930 |a Reserva Especial 
905 |a 103 
901 |a 0212980100  |b IT1  |c REE  |i 021298  |u 20250521 
902 |a https://opac.biblio.iteso.mx/vufind/Record/000021298